000 00280nam a2200109Ia 4500
008 190216s9999||||xx |||||||||||||| ||und||
100 _aRaj K Bansal
245 0 _aOrganic Reaction Mechanisms
260 _bTata Mcgraw Hill Publishing Company Ltd
_c1978
300 _a490
942 _cBK
999 _c2168
_d2168